Minecraft: Smeltable Items - Statistics

General Stats
  • This quiz has been taken 65 times
  • The average score is 57 of 124
Answer Stats
Answer % Correct
Iron Ore
79%
Gold Ore
77%
Raw Beef
77%
Oak Log
75%
Raw Porkchop
75%
Raw Mutton
73%
Stone
73%
Birch Log
71%
Cobblestone
71%
Diamond Ore
71%
Kelp
71%
Raw Chicken
71%
Acacia Log
65%
Copper Ore
65%
Dark Oak Log
65%
Emerald Ore
65%
Raw Rabbit
65%
Sand
65%
Raw Iron
63%
Raw Salmon
63%
Redstone Ore
63%
Iron Boots
62%
Iron Chestplate
62%
Iron Helmet
62%
Iron Leggings
62%
Jungle Log
62%
Lapis Lazuli Ore
62%
Potato
62%
Raw Cod
62%
Spruce Log
62%
Iron Axe
60%
Iron Hoe
60%
Raw Gold
60%
Golden Axe
58%
Golden Boots
58%
Golden Chestplate
58%
Golden Helmet
58%
Golden Leggings
58%
Golden Pickaxe
58%
Golden Sword
58%
Iron Pickaxe
58%
Raw Copper
58%
Ancient Debris
56%
Golden Hoe
56%
Iron Shovel
56%
Iron Sword
56%
Coal Ore
54%
Golden Shovel
52%
Nether Gold Ore
52%
Birch Wood
50%
Clay
50%
Nether Quartz Ore
50%
Deepslate Diamond Ore
48%
Deepslate Emerald Ore
48%
Deepslate Gold Ore
48%
Deepslate Iron Ore
48%
Jungle Wood
48%
Acacia Wood
46%
Cactus
46%
Cherry Log
46%
Deepslate Copper Ore
46%
Deepslate Redstone Ore
46%
Oak Wood
46%
Dark Oak Wood
44%
Deepslate Coal Ore
44%
Deepslate Lapis Lazuli Ore
44%
Red Sand
44%
Netherrack
42%
Cobbled Deepslate
40%
Spruce Wood
40%
Stone Bricks
40%
Blue Terracotta
38%
Cherry Wood
38%
Mangrove Log
38%
Red Terracotta
38%
Sandstone
38%
Yellow Terracotta
38%
Black Terracotta
37%
Gray Terracotta
37%
Green Terracotta
37%
Light Gray Terracotta
37%
Lime Terracotta
37%
Magenta Terracotta
37%
Orange Terracotta
37%
Pink Terracotta
37%
Purple Terracotta
37%
Brown Terracotta
35%
Cyan Terracotta
35%
Light Blue Terracotta
35%
White Terracotta
35%
Mangrove Wood
33%
Nether Bricks
33%
Red Sandstone
33%
Stripped Birch Log
33%
Stripped Acacia Log
31%
Stripped Cherry Log
31%
Stripped Dark Oak Log
31%
Stripped Jungle Log
31%
Stripped Oak Log
31%
Chorus Fruit
29%
Clay Ball
29%
Golden Horse Armor
29%
Iron Horse Armor
29%
Stripped Acacia Wood
29%
Stripped Birch Wood
29%
Stripped Cherry Wood
29%
Stripped Dark Oak Wood
29%
Wet Sponge
29%
Stripped Jungle Wood
27%
Stripped Oak Wood
27%
Stripped Spruce Log
27%
Stripped Spruce Wood
27%
Chainmail Boots
25%
Chainmail Chestplate
25%
Chainmail Helmet
25%
Chainmail Leggings
25%
Stripped Mangrove Log
25%
Stripped Mangrove Wood
25%
Deepslate Bricks
23%
Deepslate Tiles
23%
Basalt
21%
Block of Quartz
19%
Polished Blackstone Bricks
15%
Sea Pickle
15%
No matching quizzes found
Score Distribution
Percent of People with Each Score
Percentile by Number Answered
Your Score History
You have not taken this quiz